000
00319nam a2200133Ia 4500
008
240624s9999 xx 000 0 und d
041
_a
eng
082
_a
823 ISL
100
_a
MACLEAN ALISTAIR
245
_a
BEAR ISLAND
260
_c
2009
_a
New Delhi
_b
HarperCollins
300
_a
455 : p. : cm. ; 18
365
_c
RS
_b
25
999
_c
18432
_d
18432